Carolina Panthers: Top 10 All-Time Leaders - Statistics

General Stats
  • This quiz has been taken 143 times
  • The average score is 27 of 62
Answer Stats
Category # Player Amount % Correct
Passing Yards 1 Cam Newton 29,725
97%
Rushing Yards 3 Cam Newton 5,036
97%
Receiving Yards 1 Steve Smith Sr. 12,197
97%
Tackles 2 Luke Kuechly 690
91%
Interceptions 3 Luke Kuechly 18
91%
Passing Yards 5 Bryce Young 5,762
90%
Rushing Yards 4 Christian McCaffrey 3,980
82%
Receiving Yards 6 Christian McCaffrey 3,292
82%
Passing Yards 2 Jake Delhomme 19,258
81%
Tackles 8 Julius Peppers 349
78%
Sacks 1 Julius Peppers 97.0
78%
Rushing Yards 1 Jonathan Stewart 7,318
77%
Rushing Yards 6 Chuba Hubbard 3,270
74%
Passing Yards 8 Sam Darnold 3,670
74%
Receiving Yards 3 Greg Olsen 6,463
68%
Tackles 1 Thomas Davis 789
68%
Sacks 9 Thomas Davis 28.0
68%
Interceptions T8 Thomas Davis 13
68%
Receiving Yards 4 D.J. Moore 5,201
67%
Interceptions 2 Eric Davis 25
67%
Rushing Yards 8 Stephen Davis 2,085
66%
Receiving Yards 2 Muhsin Muhammad 9,255
65%
Rushing Yards 2 DeAngelo Williams 6,846
62%
Passing Yards 9 Kyle Allen 3,588
53%
Sacks 5 Brian Burns 46.0
52%
Tackles 4 Shaq Thompson 470
51%
Passing Yards 7 Teddy Bridgewater 3,733
48%
Passing Yards 4 Kerry Collins 8,306
46%
Sacks 2 Charles Johnson 67.5
44%
Rushing Yards 10 Anthony Johnson 1,795
43%
Receiving Yards 8 Kelvin Benjamin 2,424
43%
Passing Yards 3 Steve Beuerlein 12,690
41%
Tackles 10 James Anderson 321
37%
Receiving Yards 10 Devin Funchess 2,233
35%
Interceptions T5 Donte Jackson 14
34%
Sacks 6 Kevin Greene 41.5
28%
Sacks 8 Kawann Short 32.5
26%
Rushing Yards 5 DeShaun Foster 3,336
21%
Tackles 6 Chris Gamble 440
20%
Interceptions 1 Chris Gamble 27
20%
Tackles 5 Jon Beason 444
20%
Interceptions T10 Kurt Coleman 11
20%
Passing Yards 6 Chris Weinke 3,800
17%
Passing Yards 10 Rodney Peete 2,652
16%
Receiving Yards 5 Wesley Walls 3,902
16%
Receiving Yards 9 Brandon LaFell 2,385
15%
Sacks 7 Greg Hardy 34.0
15%
Tackles 9 Mike Rucker 338
13%
Sacks 3 Mike Rucker 55.5
13%
Rushing Yards 7 Tim Biakabutuka 2,530
12%
Tackles 3 Mike Minter 608
11%
Interceptions 4 Mike Minter 17
11%
Sacks 4 Mario Addison 55.0
9%
Rushing Yards 9 Fred Lane 2,001
7%
Interceptions T10 Deon Grant 11
6%
Interceptions T5 Doug Evans 14
6%
Sacks 10 Lamar Lathon 23.5
5%
Interceptions T8 Ken Lucas 13
4%
Receiving Yards 7 Mark Carrier 2,547
4%
Tackles 7 Richard Marshall 365
4%
Interceptions T5 Richard Marshall 14
4%
Interceptions T10 Charles Godfrey 11
3%
No matching quizzes found
Score Distribution
Percent of People with Each Score
Percentile by Number Answered
Your Score History
You have not taken this quiz